| 000 | 01295nam a22002777a 4500 | ||
|---|---|---|---|
| 003 | OSt | ||
| 005 | 20250619154114.0 | ||
| 008 | 211202s2020 ck ||||gr|||| 00| 0 spa d | ||
| 020 | _a9789585595422 | ||
| 040 |
_aCO-JMCR _cCO-JMCR |
||
| 041 | 0 | _aspa | |
| 082 | 0 | 4 |
_aA-N _bZAPc _223 |
| 100 | 1 |
_aZapata Olivella, Manuel, _eautor _9889 |
|
| 245 | 1 | 3 |
_aLa calle 10 / _cManuel Zapata Olivella ; editor, Fredy Javier Ordóñez |
| 250 | _aPrimera edición | ||
| 260 |
_aBogotá : _bInstituto Distrital de las Artes, Idartes, _c2020. |
||
| 300 |
_a165 páginas ; _c17 cm. |
||
| 490 | 0 |
_aLibro al Viento ; _v151 |
|
| 505 | 0 | _aSemilla. -- Cosecha. | |
| 520 | 0 | _a«La calle 10 es un paseo turbulentísimo por la Bogotá de los años cuarenta. Es también el retrato de una ciudad que desapareció: atisbamos el paso del tranvía y las chicherías, vemos transitar las carretas y los mulos, e imaginamos las romerías atraídas por la iglesia de Santa Inés. Es, además, el intento de capturar el instante de hastío que enciende el fuego de una sublevación popular»>. | |
| 650 | 1 | 4 |
_2Novela _zColombia _941710 |
| 650 | 2 | 4 |
_2Relato literario _zColombia _941711 |
| 650 | 2 | 4 |
_2Tranvías en la literatura _zColombia _941710 |
| 700 | 1 |
_aOrdóñez, Fredy Javier, _eeditor _941712 |
|
| 942 |
_2ddc _cBK |
||
| 999 |
_c15638 _d15638 |
||